Équations différentielles abstraites /

Guardado en:
Autor Principal: Zaidman, Samuel, 1933-
Formato: Libro
Idioma:French
Publicado: Montréal : Presses de l'Université de Montréal, 1966.
Series:Séminaire de mathématiques supérieures ; 18
Etiquetas: Agregar Etiqueta
Sin Etiquetas, Sea el primero en etiquetar este registro!
LEADER 00859cam a22002055 4500
001 MAT.inmabb001914
008 030428s1966####quc######b####000#0#fre#d
005 20170622160039.0
245 1 0 |a Équations différentielles abstraites /  |c par Samuel Zaidman. 
260 |a Montréal :  |b Presses de l'Université de Montréal,  |c 1966. 
300 |a 78, [1] h. ;  |c 28 cm. 
440 0 |a Séminaire de mathématiques supérieures ;  |v 18 
500 |a Cab. de portada: Université de Montréal. Département de mathématiques. 
500 |a "Notes du cours donné .. à la 4e session du Séminaire de mathématiques supérieures de l'Université de Montréal, tenu l'été 1965." 
504 |a Bibliografía: h. [79]. 
510 4 |a MR,  |c 40 #3369 
100 1 |a Zaidman, Samuel,  |d 1933- 
084 |a 47.65 (35.00)  |2 MR 
010 |a  68119422  
859 |h 47  |i Z21  |p A-3198  |b BIB. MATEMATICA